[Event "Asia zt 3.1 (Women)"]
[Site "Tehran"]
[Date "2017.07.07"]
[Round "9"]
[White "Behzad Nazif, Parva"]
[Black "Hejazipour, Mitra"]
[Result "0-1"]
[WhiteElo "1826"]
[BlackElo "2351"]
[PlyCount "146"]
[EventDate "2017.06.30"]
[EventType "swiss"]
[EventRounds "9"]
[EventCountry "IRI"]
[SourceTitle "CBM 179 Extra"]
[Source "ChessBase"]
[SourceDate "2017.08.23"]
[SourceVersion "1"]
[SourceVersionDate "2017.08.23"]
[SourceQuality "1"]

1. e4 c5 2. c3 Nf6 3. e5 Nd5 4. d4 cxd4 5. Nf3 e6 6. cxd4 d6 7. Nc3 Nxc3 8. bxc3 Qc7 9. Bd2 Nd7 10. Ng5 h6 11. exd6 Bxd6 12. Ne4 Bf4 13. Bd3 0-0 14. Bxf4 Qxf4 15. Qd2 Qc7 16. 0-0 b6 17. c4 Bb7 18. Rac1 Rfd8 19. Rfd1 Nf8 20. Bb1 Rac8 21. Qe3 Ng6 22. d5 exd5 23. cxd5 Rxd5 24. Re1 Qd7 25. Rxc8+ Qxc8 26. Qg3 Qd8 27. Bc2 Re5 28. Rd1 Qc8 29. Qc3 Qxc3 30. Nxc3 Rc5 31. Bxg6 fxg6 32. Rd3 Ra5 33. Rd7 Bc6 34. Rd6 Rc5 35. Rd3 Be4 36. Re3 Bc2 37. h3 b5 38. Ne4 Rc6 39. Nc3 Rc5 40. Ne4 Re5 41. f3 b4 42. Re2 Bd3 43. Rd2 Rd5 44. Rb2 a5 45. Kf2 Kf7 46. Ke3 Bc4 47. Nd2 Ba6 48. Ke4 Ke6 49. Nb3 Re5+ 50. Kd4 Kd6 51. Nd2 Rd5+ 52. Ke4 g5 53. f4 gxf4 54. Kxf4 Rd4+ 55. Ke3 Kd5 56. Nb3 Rd3+ 57. Kf2 a4 58. Nc1 Rc3 59. Ne2 Bxe2 60. Kxe2 Kc4 61. Kd2 b3 62. axb3+ axb3 63. Kd1 Rd3+ 64. Kc1 Kc3 65. Re2 g5 66. Re1 h5 67. Re2 h4 68. Rf2 Re3 69. Rf1 Kd3 70. Rd1+ Ke2 71. Rd2+ Kf1 72. Rd4 Kxg2 73. Rg4+ Rg3 0-1